[Event "Kieler Open 2018-A"]
[Site "Kiel"]
[Date "2018.07.30"]
[Round "5.3"]
[White "Krause, Benedict"]
[Black "Schulze, Lara"]
[Result "1-0"]
[WhiteElo "2445"]
[BlackElo "2187"]
[Annotator "FS"]
[PlyCount "83"]
[EventDate "2018.??.??"]
[WhiteTeam "SK Norderstedt von 1975"]
[BlackTeam "SK Lehrte von 1919 e. V."]

1. e4 c5 2. Nf3 d6 3. d4 cxd4 4. Nxd4 Nf6 5. Nc3 Nc6 6. Bg5 e6 7. Qd2 a6 8.
O-O-O Bd7 9. f4 b5 10. Bxf6 gxf6 11. Kb1 Qb6 12. Nxc6 Bxc6 13. f5 Qc5 14. Bd3
h5 15. fxe6 fxe6 16. Qe1 Qe5 17. Ne2 Bg7 18. c3 Bxe4 19. Nd4 Bxd3+ 20. Rxd3
Qxe1+ 21. Rxe1 e5 22. Ne6 Kf7 23. Rxd6 Bh6 24. Nc7 Ra7 25. Nxa6 h4 26. Rf1 Bf4
27. g3 hxg3 28. hxg3 Bg5 29. Nc5 Rh3 30. Ne4 Kg7 31. Rf5 Rh1+ 32. Kc2 Rh2+ 33.
Kb3 Bc1 34. Rf2 Rxf2 35. Nxf2 Re7 36. Kc2 Be3 37. Ne4 f5 38. Nf6 Bg5 39. Nd5
Rf7 40. Re6 e4 41. Nf4 Re7 42. Rg6+ 1-0

[Event "Kieler Open 2018-A"]
[Site "Kiel"]
[Date "2018.07.30"]
[Round "5.4"]
[White "Holtel, Jasper"]
[Black "Lanka, Zigurds"]
[Result "0-1"]
[WhiteElo "2234"]
[BlackElo "2414"]
[Annotator "FS"]
[PlyCount "114"]
[EventDate "2018.??.??"]
[WhiteTeam "SK Münster 32 e.V."]
[BlackTeam "SC Viernheim"]

1. e4 c5 2. Nf3 e6 3. b3 b6 4. Bd3 Bb7 5. O-O Nc6 6. Re1 Nge7 7. Bb2 Ng6 8. Bf1
f6 9. g3 Be7 10. Bg2 O-O 11. d4 cxd4 12. Nxd4 a6 13. c4 Nxd4 14. Qxd4 b5 15.
Nc3 bxc4 16. Qxc4 Ne5 17. Qd4 a5 18. Red1 Ra6 19. Rac1 Rd6 20. Qa7 Bc6 21. Rxd6
Bxd6 22. Qd4 Qe7 23. Na4 Bxa4 24. bxa4 Rb8 25. Qd2 Ba3 26. Bxa3 Qxa3 27. h3 h6
28. Rd1 Qxa4 29. f4 Nf7 30. Qxd7 Qxa2 31. Rd2 Qb1+ 32. Rd1 Qb3 33. Rd3 Qc2 34.
Rd2 Qc1+ 35. Rd1 Qe3+ 36. Kh2 Rd8 37. Qa4 Rxd1 38. Qxd1 Qb6 39. Qd7 g5 40. h4
gxf4 41. gxf4 Qd6 42. Qe8+ Kg7 43. Kg3 e5 44. f5 Qd2 45. Kh3 Qe3+ 46. Kh2 Qf4+
47. Kh3 h5 48. Qb5 Qg4+ 49. Kh2 Qxh4+ 50. Kg1 Qe1+ 51. Kh2 h4 52. Qb3 Qg3+ 53.
Qxg3+ hxg3+ 54. Kxg3 a4 55. Bf1 Nd6 56. Bd3 a3 57. Bb1 Nxe4+ 0-1

[Event "Kieler Open 2018-A"]
[Site "Kiel"]
[Date "2018.07.30"]
[Round "5.5"]
[White "Voloshin, Leonid"]
[Black "Easwaralingam, Adesh"]
[Result "1-0"]
[WhiteElo "2383"]
[BlackElo "2168"]
[Annotator "FS"]
[PlyCount "115"]
[EventDate "2018.??.??"]
[WhiteTeam "SG Kaiserslautern 1905"]
[BlackTeam "Fredericia SF"]

1. d4 Nf6 2. Nc3 d5 3. Bg5 Nbd7 4. Nf3 h6 5. Bf4 a6 6. e3 e6 7. Be2 c5 8. O-O
Be7 9. Ne5 O-O 10. h3 Nxe5 11. Bxe5 Nd7 12. Bh2 Qb6 13. Na4 Qc6 14. Nxc5 Nxc5
15. dxc5 Qxc5 16. Bd3 Bf6 17. Rb1 a5 18. Qe2 e5 19. e4 d4 20. f4 Bd7 21. f5
Rac8 22. Kh1 b5 23. g4 Bh4 24. Kg2 Rb8 25. Bg3 Qe7 26. Qf2 Bg5 27. h4 Be3 28.
Qe2 Rb6 29. Rh1 f6 30. Bf2 Bxf2 31. Kxf2 Kf7 32. Rhg1 Ke8 33. Rg2 Qf7 34. Ra1
g5 35. hxg5 fxg5 36. Rh2 Qe7 37. Qd2 a4 38. Qa5 Qd6 39. Rd1 Rf6 40. Qd2 a3 41.
Rb1 axb2 42. Rxb2 Qa3 43. Qb4 Qxb4 44. Rxb4 Ke7 45. Rh1 Kd6 46. a4 Kc5 47. Rhb1
Rf8 48. Bxb5 Rfb8 49. R4b3 Be8 50. Bxe8 Rxb3 51. Rxb3 Rxe8 52. Ke2 Ra8 53. Rb5+
Kc4 54. Rxe5 Rxa4 55. Re7 Kc5 56. f6 Ra8 57. e5 Rf8 58. f7 1-0

[Event "Kieler Open 2018-A"]
[Site "Kiel"]
[Date "2018.07.30"]
[Round "5.6"]
[White "Krause, Jonah"]
[Black "Wunder, Niklas"]
[Result "1-0"]
[WhiteElo "2336"]
[BlackElo "2099"]
[Annotator "FS"]
[PlyCount "53"]
[EventDate "2018.??.??"]
[WhiteTeam "FC ST.Pauli 1910 eV SAbt"]
[BlackTeam "SC Weiler im Allgäu e. V."]

1. Nf3 Nf6 2. c4 g6 3. Nc3 Bg7 4. e4 d6 5. d4 O-O 6. Be2 e5 7. d5 a5 8. Bg5 h6
9. Be3 Ng4 10. Bd2 f5 11. exf5 gxf5 12. h3 Nf6 13. Qc1 f4 14. g3 e4 15. Nh4 e3
16. fxe3 fxg3 17. Ng6 Re8 18. Qc2 Na6 19. O-O-O Nc5 20. Bf3 Bd7 21. Rhg1 Qc8
22. Nh4 c6 23. Rxg3 Re7 24. Rh1 cxd5 25. Nxd5 Nxd5 26. Bxd5+ Be6 27. Nf5 1-0

[Event "Kieler Open 2018-A"]
[Site "Kiel"]
[Date "2018.07.30"]
[Round "5.7"]
[White "Poghosyan, Tigran"]
[Black "Pluska, Alexander"]
[Result "0-1"]
[WhiteElo "2146"]
[BlackElo "2199"]
[Annotator "FS"]
[PlyCount "146"]
[EventDate "2018.??.??"]
[WhiteTeam "Lübecker SV von 1873"]
[BlackTeam "SK Doppelbauer Kiel"]

1. e4 e6 2. d4 d5 3. Nd2 Nf6 4. e5 Nfd7 5. f4 c5 6. c3 Nc6 7. Ndf3 Qb6 8. g3
Be7 9. Bh3 cxd4 10. cxd4 O-O 11. Ne2 f6 12. Bxe6+ Kh8 13. exf6 Nxf6 14. Bxc8
Bb4+ 15. Kf1 Raxc8 16. Kg2 Rfe8 17. Ne5 Ne4 18. Rf1 Bd6 19. Rf3 Rc7 20. Rb3 Qa6
21. Bd2 Rec8 22. Nxc6 Rxc6 23. Bc3 Re8 24. Ng1 Bxf4 25. Qf1 Qxf1+ 26. Rxf1 Bd2
27. Rxb7 Nxc3 28. bxc3 Bxc3 29. Nf3 Ra6 30. Rc1 Rxa2+ 31. Kh3 Ra3 32. Rc7 Bb4
33. Rc8 Rf8 34. Ne5 Kg8 35. R8c7 a5 36. Rd7 Rc3 37. Ra1 h5 38. Kh4 Rf2 39. Kg5
Rxh2 40. g4 Rg3 41. Kg6 Bf8 42. Rf1 hxg4 43. Kg5 Rh6 44. Ng6 Rf3 45. Re1 Rf6
46. Nxf8 Kxf8 47. Rb1 Rhg6+ 48. Kh5 Kg8 49. Rb8+ Kh7 50. Rdd8 Rf5+ 51. Kh4 Rgg5
52. Rh8+ Kg6 53. Kg3 Rf3+ 54. Kg2 a4 55. Rb6+ Rf6 56. Rb4 Ra6 57. Rc8 a3 58.
Rb1 a2 59. Ra1 Kf5 60. Rc2 Ke4 61. Rcxa2 Rxa2+ 62. Rxa2 Kxd4 63. Kg3 Ke3 64.
Ra5 Ke4 65. Kh4 Rg6 66. Kh5 Rf6 67. Ra7 g3 68. Rxg7 Kf3 69. Kg5 Rf8 70. Kh4 g2
71. Rg3+ Kf2 72. Kh3 Rh8+ 73. Kg4 Rg8+ 0-1

[Event "Kieler Open 2018-A"]
[Site "Kiel"]
[Date "2018.07.30"]
[Round "5.8"]
[White "Knudsen, Simon"]
[Black "Beeck, Mats"]
[Result "1-0"]
[WhiteElo "2197"]
[BlackElo "2120"]
[Annotator "FS"]
[PlyCount "85"]
[EventDate "2018.??.??"]
[WhiteTeam "SF Brackel"]
[BlackTeam "SK Doppelbauer Kiel"]

1. e4 e5 2. Nf3 Nc6 3. Bc4 Bc5 4. b4 Bb6 5. a4 a6 6. c3 Nf6 7. d3 O-O 8. O-O d6
9. Re1 Be6 10. Na3 h6 11. Bxe6 fxe6 12. Nc4 Ba7 13. Qb3 Qe8 14. Ra2 b5 15. Ne3
Nh5 16. axb5 axb5 17. Nf1 Qg6 18. Ng3 Rxf3 19. gxf3 Nxg3 20. hxg3 Qxg3+ 21. Kf1
Qh3+ 22. Ke2 Rf8 23. Be3 Bxe3 24. fxe3 Qxf3+ 25. Kd2 Qh3 26. Re2 g5 27. c4 g4
28. cxb5 Nd8 29. Qc3 g3 30. Qxc7 g2 31. Ra7 Nf7 32. Ra1 Ng5 33. Kc3 Qg4 34.
Ree1 Nf3 35. Ra7 Qg6 36. Rea1 d5 37. b6 dxe4 38. Kb3 Nd2+ 39. Ka3 Nf1 40. b7
g1=Q 41. b8=Q Qf2 42. Qbb7 Rf7 43. Qxf7+ 1-0

[Event "Kieler Open 2018-A"]
[Site "Kiel"]
[Date "2018.07.30"]
[Round "5.9"]
[White "Pietzsch, Manuel"]
[Black "Isler, Benjamin"]
[Result "1-0"]
[WhiteElo "2185"]
[BlackElo "1885"]
[Annotator "FS"]
[PlyCount "54"]
[EventDate "2018.??.??"]
[WhiteTeam "SG Leipzig"]
[BlackTeam "Flensburger SK"]

1. Nf3 e6 2. c4 f5 3. Nc3 Nf6 4. d3 d6 5. g3 g6 6. Bg2 Bg7 7. O-O O-O 8. Rb1
Nc6 9. b4 Ne7 10. c5 c6 11. cxd6 Qxd6 12. Bf4 Qd8 13. Qb3 Nfd5 14. Be5 Nxc3 15.
Bxc3 Bxc3 16. Qxc3 Nd5 17. Qe5 Nf6 18. Rfc1 Re8 19. b5 Nd7 20. Qd6 cxb5 21.
Rxb5 a6 22. Rb2 e5 23. Rc7 Rb8 24. Rbc2 e4 25. dxe4 fxe4 26. Qd5+ Kh8 27. Ng5
Ne5 1-0

[Event "Kieler Open 2018-A"]
[Site "Kiel"]
[Date "2018.07.30"]
[Round "5.10"]
[White "Petri, Alexander"]
[Black "Wichmann, Cliff"]
[Result "1/2-1/2"]
[WhiteElo "2138"]
[BlackElo "2305"]
[Annotator "FS"]
[PlyCount "26"]
[EventDate "2018.??.??"]
[WhiteTeam "SK Doppelbauer Kiel"]
[BlackTeam "ESV Nickelhütte Aue"]

1. d4 d5 2. Nf3 Nf6 3. c4 dxc4 4. e3 c5 5. Bxc4 e6 6. O-O a6 7. dxc5 Qc7 8. Qe2
Bxc5 9. a3 Nc6 10. b4 Bd6 11. Bb2 O-O 12. Nbd2 Qe7 13. Rac1 Bd7 1/2-1/2

[Event "Kieler Open 2018-A"]
[Site "Kiel"]
[Date "2018.07.30"]
[Round "5.11"]
[White "Haffner, Alexander"]
[Black "Haag, Martin"]
[Result "1-0"]
[WhiteElo "2107"]
[BlackElo "2229"]
[Annotator "FS"]
[PlyCount "121"]
[EventDate "2018.??.??"]
[WhiteTeam "SC Agon Neumünster"]
[BlackTeam "SC Bonn Beuel"]

1. d4 d6 2. Nf3 Nf6 3. b3 g6 4. Bb2 Bg7 5. Nbd2 O-O 6. e4 Bg4 7. Be2 Bxf3 8.
Bxf3 e5 9. d5 a5 10. c4 Na6 11. O-O Nd7 12. a3 f5 13. Bc3 Nac5 14. b4 axb4 15.
axb4 Nxe4 16. Rxa8 Qxa8 17. Nxe4 fxe4 18. Bxe4 Qa2 19. Bd3 e4 20. Bxg7 Kxg7 21.
Qc2 Qa3 22. Bxe4 Qxb4 23. Rb1 Qa5 24. Qb2+ Kg8 25. Bd3 Qc5 26. Bf1 Ne5 27. h3
b6 28. Rc1 Rf4 29. Rc2 Rf8 30. Qc1 Qd4 31. Qd2 Qe4 32. Rc1 Rf7 33. Re1 Qf5 34.
Qe3 g5 35. Be2 Kg7 36. Rd1 Re7 37. Qd4 Qf6 38. Bh5 Kh6 39. Bg4 Qf4 40. Be6 Qxd4
41. Rxd4 Re8 42. h4 gxh4 43. Rxh4+ Kg7 44. Re4 Kf6 45. Rd4 Ra8 46. f4 Ng6 47.
Kh2 Ra3 48. Bd7 Re3 49. g3 h5 50. Kg2 h4 51. g4 h3+ 52. Kh2 Rf3 53. g5+ Ke7 54.
Bxh3 Rxf4 55. Rxf4 Nxf4 56. Kg3 Nd3 57. Kh4 Ne5 58. Kh5 Nxc4 59. g6 Ne5 60. g7
Nf7 61. Kg6 1-0

[Event "Kieler Open 2018-A"]
[Site "Kiel"]
[Date "2018.07.30"]
[Round "5.12"]
[White "Kleinschroth, Roland"]
[Black "Light, Bjarne"]
[Result "0-1"]
[WhiteElo "2058"]
[BlackElo "2177"]
[Annotator "FS"]
[PlyCount "120"]
[EventDate "2018.??.??"]
[WhiteTeam "SG Weiß-Blau Eilenriede"]
[BlackTeam "Preetzer TSV"]

1. e4 c5 2. d4 cxd4 3. c3 d5 4. exd5 Qxd5 5. cxd4 Nf6 6. Nc3 Qd8 7. Bf4 e6 8.
Nf3 Be7 9. Bb5+ Bd7 10. O-O O-O 11. Qb3 Nc6 12. Rfd1 Na5 13. Qa4 Bxb5 14. Qxb5
a6 15. Qe2 Nd5 16. Be5 Nxc3 17. bxc3 Qd5 18. Bc7 Nc4 19. Ne5 Nxe5 20. Qxe5 Qc4
21. d5 Bf6 22. Qg3 exd5 23. Be5 Bxe5 24. Qxe5 Rfe8 25. Qd4 Qc6 26. Rab1 Re6 27.
a4 Rc8 28. a5 h6 29. g3 Re7 30. Rb4 Qxc3 31. Qxc3 Rxc3 32. Rxd5 Rc8 33. Rbd4 f6
34. f4 Rc2 35. Rd2 Rxd2 36. Rxd2 Kf7 37. Kf2 Ke8 38. Kf3 Rd7 39. Ra2 Rd5 40.
Ke4 Rb5 41. f5 Kd7 42. g4 Kc6 43. h4 Rb4+ 44. Kf3 h5 45. g5 Rxh4 46. g6 Rd4 47.
Rc2+ Kd7 48. Rb2 Kc7 49. Rc2+ Kb8 50. Re2 Rd7 51. Re8+ Kc7 52. Rf8 b6 53. axb6+
Kxb6 54. Rb8+ Rb7 55. Rh8 a5 56. Rxh5 a4 57. Rh1 a3 58. Ra1 Ra7 59. Ke4 Kc5 60.
Rc1+ Kb4 0-1

[Event "Kieler Open 2018-A"]
[Site "Kiel"]
[Date "2018.07.30"]
[Round "5.13"]
[White "Quiring, Nikolai"]
[Black "Kaulich, Philipp Theodor"]
[Result "0-1"]
[WhiteElo "2006"]
[BlackElo "2157"]
[Annotator "FS"]
[PlyCount "74"]
[EventDate "2018.??.??"]
[WhiteTeam "SV VHS Rendsburg"]
[BlackTeam "Kieler SG"]

1. d4 f5 2. Nc3 Nf6 3. Bg5 d5 4. Bxf6 exf6 5. e3 Be6 6. Bd3 Nc6 7. a3 Qd7 8.
Qf3 O-O-O 9. Nge2 g6 10. h4 h5 11. Nf4 Bf7 12. O-O-O Kb8 13. Bb5 Qd6 14. Kb1
Ne7 15. Ba4 c6 16. Nd3 Nc8 17. Bb3 Qc7 18. Na4 Qa5 19. Qe2 Nd6 20. Qe1 Qxe1 21.
Rdxe1 Bh6 22. g3 Rhe8 23. Nc3 Re7 24. Nd1 Ne4 25. c3 Nd2+ 26. Kc2 Ne4 27. Ba2
b6 28. Nf4 Nd6 29. b3 Bf8 30. a4 a5 31. Ne2 Rc8 32. Nb2 c5 33. Kb1 Ne4 34. Nd1
cxd4 35. cxd4 Rec7 36. Ka1 Bb4 37. Reg1 Rc2 0-1

[Event "Kieler Open 2018-A"]
[Site "Kiel"]
[Date "2018.07.30"]
[Round "5.14"]
[White "Begri, Felix"]
[Black "Möller, Dustin"]
[Result "1/2-1/2"]
[WhiteElo "1984"]
[BlackElo "2140"]
[Annotator "FS"]
[PlyCount "94"]
[EventDate "2018.??.??"]
[WhiteTeam "SV 1920 Hofheim"]
[BlackTeam "Eckernförder SC von 1921"]

1. d4 Nf6 2. c4 g6 3. Nc3 Bg7 4. e4 d6 5. Nf3 O-O 6. h3 e5 7. d5 a5 8. Be3 Na6
9. g4 Nd7 10. Be2 Ndc5 11. Rg1 Bd7 12. h4 c6 13. h5 cxd5 14. exd5 a4 15. hxg6
fxg6 16. Ng5 a3 17. bxa3 Qa5 18. Bd2 Qb6 19. Be3 Qa5 20. Bd2 Qxa3 21. Rg3 Qa5
22. Rb1 Qd8 23. Qc2 h6 24. Ne6 Nxe6 25. dxe6 Bxe6 26. Rxb7 Nc5 27. Qxg6 Bf7 28.
Rxf7 Rxf7 29. g5 hxg5 30. Bxg5 Qf8 31. Nd5 Rxa2 32. Nf6+ Rxf6 33. Bxf6 Ra1+ 34.
Bd1 Ne6 35. Bxe5 Qe7 36. Bxg7 Nf4+ 37. Re3 Qxe3+ 38. fxe3 Rxd1+ 39. Kxd1 Nxg6
40. Bd4 Kf7 41. Kc2 Ke6 42. Kb3 Nh4 43. Kb4 Nf3 44. Kb5 Nd2 45. c5 dxc5 46.
Bxc5 Nf1 47. Kc4 Nxe3+ 1/2-1/2

[Event "Kieler Open 2018-A"]
[Site "Kiel"]
[Date "2018.07.30"]
[Round "5.15"]
[White "Teichert, Felix"]
[Black "Du, Yuxin"]
[Result "0-1"]
[WhiteElo "1981"]
[BlackElo "2129"]
[Annotator "FS"]
[PlyCount "82"]
[EventDate "2018.??.??"]
[WhiteTeam "Leegebrucher SF"]
[BlackTeam "Guandong"]

1. d4 Nf6 2. Bf4 e6 3. Nc3 Bb4 4. e3 Nd5 5. Nge2 Nxf4 6. Nxf4 Bxc3+ 7. bxc3 d6
8. Bd3 e5 9. Nh5 g6 10. Ng3 Nc6 11. h4 h5 12. Ne4 Bg4 13. Qb1 Bc8 14. Qd1 Qe7
15. d5 Nb8 16. Rb1 Kf8 17. f3 Nd7 18. Kd2 Nf6 19. Ng5 Nxd5 20. Bc4 c6 21. e4 f6
22. exd5 fxg5 23. Qe1 gxh4 24. Qe3 Kg7 25. f4 Re8 26. Rbe1 cxd5 27. Bxd5 Be6
28. Bxe6 Qxe6 29. Qe4 Rac8 30. Rxh4 Rc4 31. Qxb7+ Re7 32. Qb3 Qd5+ 33. Kc1 Rb7
34. Qa3 Qc6 35. fxe5 Rxh4 36. Qa5 Re4 37. Rf1 Rxe5 38. Qd8 Rf7 39. Rd1 Qxc3 40.
Qxd6 Qa1+ 41. Kd2 Rf2+ 0-1

[Event "Kieler Open 2018-A"]
[Site "Kiel"]
[Date "2018.07.30"]
[Round "5.16"]
[White "Arndt, Magnus"]
[Black "Besenthal, Klaus-Günther"]
[Result "1/2-1/2"]
[WhiteElo "2120"]
[BlackElo "2053"]
[Annotator "FS"]
[PlyCount "77"]
[EventDate "2018.??.??"]
[WhiteTeam "SK Doppelbauer Kiel"]
[BlackTeam "Lübecker SV von 1873"]

1. e4 Nc6 2. d4 e5 3. Nf3 Nxd4 4. Nxd4 exd4 5. Qxd4 Qf6 6. e5 Qb6 7. Qxb6 axb6
8. Nc3 f6 9. f4 Ne7 10. Nb5 Kd8 11. Bd3 Nc6 12. O-O Nb4 13. Bd2 Nxd3 14. cxd3
d5 15. exf6 gxf6 16. Bc3 Bc5+ 17. Kh1 Rf8 18. b4 Be7 19. Rfe1 c6 20. Nc7 Ra3
21. Bd4 Bd6 22. Ne6+ Bxe6 23. Rxe6 Kd7 24. f5 Rxd3 25. Bxf6 Rxf6 26. Rxf6 Be5
27. Rf7+ Ke8 28. Rxh7 Bxa1 29. g4 c5 30. bxc5 bxc5 31. g5 Rf3 32. f6 c4 33. Kg2
Rf5 34. h4 Bxf6 35. gxf6 Rxf6 36. Rxb7 Ra6 37. Kf3 Ra3+ 38. Kf4 Rd3 39. Ke5
1/2-1/2

[Event "Kieler Open 2018-A"]
[Site "Kiel"]
[Date "2018.07.30"]
[Round "5.18"]
[White "Birnbaum, Detlev"]
[Black "Gütschow, Martin"]
[Result "1-0"]
[WhiteElo "2118"]
[BlackElo "1968"]
[Annotator "FS"]
[PlyCount "47"]
[EventDate "2018.??.??"]
[WhiteTeam "SC Viernheim"]
[BlackTeam "Segeberg"]

1. d4 Nf6 2. c4 e6 3. g3 d5 4. Bg2 Bb4+ 5. Bd2 Qe7 6. Nf3 O-O 7. O-O c6 8. Qc2
Nbd7 9. a3 Bd6 10. Nc3 Ne8 11. e4 dxc4 12. e5 Bc7 13. Ne4 a5 14. Qxc4 Nb6 15.
Qc2 Nd5 16. Rfe1 h6 17. Nh4 Qd8 18. f4 f5 19. exf6 Nexf6 20. Nc5 Ng4 21. Qe4
Bxf4 22. Nxe6 Bxe6 23. Qxe6+ Rf7 24. Bxd5 1-0

[Event "Kieler Open 2018-A"]
[Site "Kiel"]
[Date "2018.07.30"]
[Round "5.19"]
[White "Dittmann, Hans-Adolf"]
[Black "Hoffmann, Joachim"]
[Result "0-1"]
[WhiteElo "2102"]
[BlackElo "1911"]
[Annotator "FS"]
[PlyCount "160"]
[EventDate "2018.??.??"]
[WhiteTeam "Preetzer TSV"]
[BlackTeam "SK Doppelbauer Kiel"]

1. d4 Nf6 2. c4 e6 3. Nc3 d5 4. Bg5 Be7 5. e3 O-O 6. Bd3 Nbd7 7. Nge2 h6 8. Bh4
b6 9. cxd5 exd5 10. Rc1 Bb7 11. O-O Re8 12. Bxf6 Nxf6 13. Ng3 Bf8 14. Qa4 c6
15. a3 a5 16. Rfd1 Bc8 17. Nce2 Bd7 18. Bf5 Rc8 19. Bxd7 Qxd7 20. Nf4 Bd6 21.
Nd3 Qc7 22. b4 h5 23. b5 c5 24. dxc5 bxc5 25. Qh4 c4 26. a4 Qe7 27. Nf4 Bxf4
28. Qxf4 g6 29. h3 Kg7 30. Qg5 Qe6 31. Rd4 Qe5 32. Qxe5 Rxe5 33. Rc3 Nd7 34. f4
Re6 35. e4 Nb6 36. exd5 Rd6 37. Ne2 Rxd5 38. Rxd5 Nxd5 39. Rc1 Nb6 40. Nc3 Rd8
41. Kf2 Rd2+ 42. Kf3 Rd3+ 43. Ke2 f5 44. Rc2 Kf7 45. Rc1 Ke6 46. Rc2 Kd6 47.
Rd2 Rxd2+ 48. Kxd2 Kc5 49. Kc2 Kd4 50. h4 Ke3 51. g3 Kf3 52. Kd2 Kxg3 53. Ke3
Kxh4 54. Kd4 Kg4 55. Kc5 h4 56. Kxb6 h3 57. Ka7 h2 58. b6 h1=Q 59. b7 Qg1+ 60.
Ka8 Qg2 61. Ka7 Qf2+ 62. Ka8 Qf3 63. Ka7 Qe3+ 64. Ka8 Qxc3 65. b8=Q Qf3+ 66.
Ka7 Qxf4 67. Qd8 Qe5 68. Qd1+ Kg5 69. Qd8+ Kh5 70. Qd1+ Kh6 71. Qc1+ Kg7 72.
Qxc4 f4 73. Qc6 g5 74. Qd7+ Kf6 75. Qg4 Qe7+ 76. Kb8 Qb4+ 77. Kc8 Qxa4 78. Qh5
Qc6+ 79. Kd8 Qd6+ 80. Kc8 Qf8+ 0-1

[Event "Kieler Open 2018-A"]
[Site "Kiel"]
[Date "2018.07.30"]
[Round "5.20"]
[White "Quante, Lennart"]
[Black "Basey, Matthew"]
[Result "1-0"]
[WhiteElo "2083"]
[BlackElo "1889"]
[Annotator "FS"]
[PlyCount "63"]
[EventDate "2018.??.??"]
[WhiteTeam "SK Münster 32 e.V."]
[BlackTeam "Kieler SG"]

1. d4 f5 2. Bg5 c6 3. c3 d6 4. e3 g6 5. Bc4 Bg7 6. Qb3 Nf6 7. Bf7+ Kf8 8. Bc4
Ne4 9. Bh4 d5 10. Be2 g5 11. Bg3 Nxg3 12. hxg3 g4 13. Bd3 h5 14. Nd2 e6 15. Ne2
h4 16. Nf4 Kf7 17. gxh4 Rxh4 18. O-O-O Qh8 19. Rhg1 b5 20. f3 Bh6 21. g3 Rh2
22. fxg4 Bxf4 23. gxf4 Qh3 24. gxf5 Qxe3 25. fxe6+ Bxe6 26. Bg6+ Kf6 27. Qc2
Nd7 28. Rde1 Re2 29. Qd1 Bg4 30. Rxe2 Bxe2 31. Qe1 Rh8 32. Rg2 1-0

[Event "Kieler Open 2018-A"]
[Site "Kiel"]
[Date "2018.07.30"]
[Round "5.21"]
[White "Berger, Joachim"]
[Black "Svane, Henrik"]
[Result "0-1"]
[WhiteElo "1966"]
[BlackElo "2081"]
[Annotator "FS"]
[PlyCount "38"]
[EventDate "2018.??.??"]
[WhiteTeam "Lübecker SV von 1873"]
[BlackTeam "MTV Leck von 1889"]

1. e4 e6 2. d4 d5 3. Nc3 Bb4 4. e5 c5 5. Bd2 Ne7 6. a3 Bxc3 7. Bxc3 b6 8. Bb5+
Bd7 9. Bd3 Nbc6 10. Nf3 Qc7 11. Bb5 Nxe5 12. Nxe5 Bxb5 13. Qg4 Nf5 14. Nf3 h5
15. Qg5 cxd4 16. Nxd4 Nxd4 17. Qxg7 Nxc2+ 18. Kd1 O-O-O 19. Rc1 d4 0-1

[Event "Kieler Open 2018-A"]
[Site "Kiel"]
[Date "2018.07.30"]
[Round "5.22"]
[White "Pedersen, Lars Wilton"]
[Black "Farokhi, Keyvan"]
[Result "1/2-1/2"]
[WhiteElo "2053"]
[BlackElo "1848"]
[Annotator "FS"]
[PlyCount "156"]
[EventDate "2018.??.??"]
[WhiteTeam "Fredericia SF"]
[BlackTeam "SK Doppelbauer Kiel"]

1. d4 d5 2. Nf3 Nf6 3. c4 e6 4. Nc3 Be7 5. Bf4 O-O 6. h3 c5 7. e3 Nc6 8. dxc5
Bxc5 9. a3 Re8 10. b4 Bf8 11. Bg5 Be7 12. Rc1 a6 13. Qc2 dxc4 14. Bxc4 Qc7 15.
Bd3 h6 16. Bh4 Bd7 17. O-O Rac8 18. Qb3 Ne5 19. Nxe5 Qxe5 20. Bg3 Qh5 21. Ne2
e5 22. e4 Bc6 23. Nc3 Bd8 24. f3 Bb6+ 25. Bf2 Bxf2+ 26. Rxf2 b5 27. Rfc2 Qg5
28. Nd5 Bd7 29. Rxc8 Rxc8 30. Rxc8+ Bxc8 31. f4 Qg3 32. Ne7+ Kf8 33. Nxc8 Qe3+
34. Kh1 Qc1+ 35. Kh2 Qxf4+ 36. Kg1 Qc1+ 37. Kf2 Qxc8 38. a4 Qc6 39. axb5 axb5
40. Kf3 Qc1 41. Qc2 Qxc2 42. Bxc2 Ne8 43. Bd3 Nd6 44. Ke3 Ke7 45. h4 Kf6 46. g3
g6 47. g4 Ke6 48. Be2 f5 49. gxf5+ gxf5 50. exf5+ Kxf5 51. Kf3 e4+ 52. Kg3 Nc4
53. Bg4+ Ke5 54. Be2 Kd4 55. Kg4 Kc3 56. Kh5 Kxb4 57. Kxh6 Kc3 58. Kg7 b4 59.
h5 Ne3 60. Kf6 b3 61. h6 b2 62. h7 b1=Q 63. h8=Q Kd2 64. Qh2 Qb2+ 65. Kg6 Qb6+
66. Kh7 Qb7+ 67. Kg6 Qc6+ 68. Kh7 Qd7+ 69. Kg8 Qe6+ 70. Kh8 Qf6+ 71. Kg8 Qg6+
72. Kh8 Ng2 73. Bh5 Qh6+ 74. Kg8 Qg5+ 75. Kh7 Qe7+ 76. Kh8 Qf8+ 77. Kh7 Qe7+
78. Kh8 Qf6+ 1/2-1/2

[Event "Kieler Open 2018-A"]
[Site "Kiel"]
[Date "2018.07.30"]
[Round "5.23"]
[White "Schmidt, Peter"]
[Black "Rieper, Julian"]
[Result "0-1"]
[WhiteElo "1932"]
[BlackElo "2048"]
[Annotator "FS"]
[PlyCount "58"]
[EventDate "2018.??.??"]
[WhiteTeam "Kieler SG"]
[BlackTeam "SK Doppelbauer Kiel"]

1. e4 e5 2. Nf3 Nc6 3. d4 exd4 4. Bc4 Nf6 5. O-O Nxe4 6. Re1 d5 7. Bxd5 Qxd5 8.
Nc3 Qh5 9. Nxe4 Be6 10. Bg5 h6 11. Bf6 Qg6 12. Nh4 Qh7 13. f4 Be7 14. Bxe7 Nxe7
15. Qxd4 Nc6 16. Qc5 O-O-O 17. Nf3 Bd5 18. Nfd2 f5 19. Ng3 Bxg2 20. Nc4 Be4 21.
Ne5 Nxe5 22. fxe5 b6 23. Qc4 Bd5 24. Qa6+ Bb7 25. Qe2 Rhe8 26. Rad1 Rxd1 27.
Rxd1 g6 28. Nf1 Qe7 29. Re1 Qg5+ 0-1

[Event "Kieler Open 2018-A"]
[Site "Kiel"]
[Date "2018.07.30"]
[Round "5.24"]
[White "Bernhardt, Gerd"]
[Black "Karlisch, Moritz"]
[Result "0-1"]
[WhiteElo "2033"]
[BlackElo "1839"]
[Annotator "FS"]
[PlyCount "86"]
[EventDate "2018.??.??"]
[WhiteTeam "Eckernförder SC von 1921"]
[BlackTeam "SK Doppelbauer Kiel"]

1. d4 d5 2. Nf3 Nf6 3. e3 e6 4. Bd3 c5 5. c3 Bd6 6. Nbd2 Nbd7 7. O-O O-O 8. Re1
Re8 9. e4 dxe4 10. Nxe4 Be7 11. Bf4 Nd5 12. Bd6 cxd4 13. Nxd4 N7f6 14. Bxe7
Qxe7 15. Nxf6+ Nxf6 16. Re5 Nd7 17. Re3 g6 18. Qf3 Qf6 19. Qg3 Nc5 20. Bc4 Bd7
21. b4 Na4 22. Rae1 Nxc3 23. Re5 Nd5 24. h4 Rac8 25. Bb3 Rc3 26. f3 Nxb4 27.
R5e4 Na6 28. h5 Nc5 29. Rf4 Qg7 30. hxg6 hxg6 31. Rh4 Rd3 32. Qd6 Qf6 33. Rf4
Qe7 34. Qe5 Nxb3 35. axb3 Qf8 36. Rf6 Qh6 37. Re4 Rd1+ 38. Kf2 Rd2+ 39. Ke1
Rxg2 40. Ne2 Rc8 41. Rff4 Qh1+ 42. Kd2 Qc1+ 43. Kd3 Qd1+ 0-1

[Event "Kieler Open 2018-A"]
[Site "Kiel"]
[Date "2018.07.30"]
[Round "5.26"]
[White "Ghadimi, Mohammed Reza"]
[Black "Kosanke, Stefan"]
[Result "0-1"]
[WhiteElo "2108"]
[BlackElo "1986"]
[Annotator "FS"]
[PlyCount "72"]
[EventDate "2018.??.??"]
[WhiteTeam "SK Doppelbauer Kiel"]
[BlackTeam "SV Bad Oldesloe"]

1. e4 e6 2. d4 d5 3. Nd2 Nf6 4. e5 Nfd7 5. c3 c5 6. f4 Nc6 7. Ndf3 Qb6 8. g3
cxd4 9. cxd4 Be7 10. Kf2 g5 11. fxg5 Ndxe5 12. Kg2 Nc4 13. b3 Nd6 14. Bd3 Ne4
15. Ne2 Bd7 16. Rf1 Rg8 17. h4 f6 18. gxf6 Bxf6 19. Bxe4 dxe4 20. Ng5 Be7 21.
Nxe4 O-O-O 22. Bg5 Bxg5 23. Nxg5 Ne7 24. Kh2 Nf5 25. Rf4 h6 26. Nf7 Rdf8 27.
Ne5 Qd6 28. Qc1+ Kb8 29. Nxd7+ Qxd7 30. Qc5 Rc8 31. Qe5+ Ka8 32. Raf1 a6 33. d5
Rc2 34. dxe6 Qd3 35. Qxf5 Rxe2+ 36. Kh1 Rh2+ 0-1

[Event "Kieler Open 2018-A"]
[Site "Kiel"]
[Date "2018.07.30"]
[Round "5.27"]
[White "Brinckmann, Dieter"]
[Black "Lorenzen, Jan-Hendrik"]
[Result "0-1"]
[WhiteElo "1870"]
[BlackElo "2024"]
[Annotator "FS"]
[PlyCount "72"]
[EventDate "2018.??.??"]
[WhiteTeam "Mainz"]
[BlackTeam "Eckernförder SC von 1921"]

1. d4 Nf6 2. c4 c5 3. d5 b5 4. cxb5 a6 5. bxa6 Bxa6 6. Nc3 g6 7. e4 Bxf1 8.
Kxf1 d6 9. Nge2 Bg7 10. g3 Nbd7 11. Qc2 O-O 12. Kg2 Qa5 13. Rb1 Rfb8 14. Bd2
Qa6 15. a4 e6 16. Rhe1 exd5 17. exd5 Nb6 18. b3 Nbxd5 19. Nb5 Qc6 20. Kg1 Nd7
21. Ned4 Qa6 22. Ne2 Ne5 23. Qe4 Nf6 24. Qg2 Rc8 25. Nf4 c4 26. Nd5 Nxd5 27.
Qxd5 Rc5 28. Qg2 cxb3 29. Be3 Rc4 30. Nxd6 Rxa4 31. Qd5 Ra5 32. Bc5 Rxc5 33.
Qxc5 Nf3+ 34. Kg2 Nxe1+ 35. Rxe1 Rd8 36. Qc7 Qxd6 0-1